| 000 | 02363nam a22003137a 4500 | ||
|---|---|---|---|
| 005 | 20120125161414.0 | ||
| 010 | _aB-481494-503 | ||
| 020 |
_a9788124303139 _c45.00 |
||
| 035 | _aB-481494-503 | ||
| 037 |
_adpl _bBlue Berry/Ven |
||
| 082 | _aS | ||
| 245 |
_aVikas treasure of stories : _ccompiled and edited by S.D.Mulgaonkar; illustrated by John Fernandes _bsunflower book / |
||
| 260 |
_a New Delhi _bNavneet Publications |
||
| 270 |
_a2-E/23, Orion Plaza, 2nd Floor Jhandewalan Extn., _bNew Delhi _e110055 |
||
| 300 |
_a32p. _bcol.ill _c27cm(pbk) |
||
| 700 | _940167 | ||
| 942 |
_2ddc _cCH _hS _mVIK |
||
| 999 |
_c61513 _d61513 |
||